Zákazníci a ich význam pre startup
Ako aj pri iných existujúcich podnikoch, tak aj pri startupoch sú zákazníci jednou z najdôležitejších častí podnikania. Niektorí autori tvrdia, že zákazníci sú najdôležitejší, dokonca dôležitejší ako samotný produkt. V prípade startupov to platí niekoľkonásobne viac. Na prvom mieste dôvodov zlyhani...
Salvato in:
| Autore principale: | |
|---|---|
| Natura: | Capitolo di libro |
| Lingua: | slovacco |
| Soggetti: | |
| Tags: |
Nessun Tag, puoi essere il primo ad aggiungerne!!
|
MARC
| LEADER | 00000nla a2200000 4500 | ||
|---|---|---|---|
| 001 | 0213369 | ||
| 005 | 20240502073545.2 | ||
| 041 | 0 | |a slo | |
| 044 | |a SK | ||
| 245 | 1 | 0 | |a Zákazníci a ich význam pre startup |c Ráchel Matušková |
| 520 | |a Ako aj pri iných existujúcich podnikoch, tak aj pri startupoch sú zákazníci jednou z najdôležitejších častí podnikania. Niektorí autori tvrdia, že zákazníci sú najdôležitejší, dokonca dôležitejší ako samotný produkt. V prípade startupov to platí niekoľkonásobne viac. Na prvom mieste dôvodov zlyhania startupov je neexistujúci trh. Startupy majú najmä počúvať zákazníkov, ich potreby a priania. Proces Vývoja zákazníkov podľa Blanka. Štyri typy zákazníkov podľa Blanka. | ||
| 610 | 2 | 0 | |a start-up |
| 610 | 2 | 0 | |a zákazníci |
| 100 | 1 | |a Matušková, Ráchel, 1990- | |